Výskumno-vedecké aktivity katedier zameraných na marketing a obchod s dôrazom na Obnoviteľné zdroje energie zborník z medzinárodnej vedeckej konferencie

Salvato in:
Dettagli Bibliografici
Ente Autore: Výskumno-vedecké aktivity katedier zameraných na marketing a obchod s dôrazom na Obnoviteľné zdroje energie. Medzinárodná vedecká konferencia
Altri autori: Lieskovská, Vanda, 1961-, Andrejčíková, Mária, Gajdoš, Jozef, 1962-2025, Urblíková, Daniela, Šimegh, Peter, Naščáková, Jana
Natura: Libro
Lingua:slovacco
ceco
Pubblicazione: Košice Katedra marketingu PHF EU 2008
Soggetti:
Tags: Aggiungi Tag
Nessun Tag, puoi essere il primo ad aggiungerne!!

MARC

LEADER 00000nlm$a2200000$$$4500
001 0084839
005 20240109070550.0
020 |a 978-80-225-2580-0 
041 0 |a slo 
041 0 |a cze 
044 |a SK 
245 1 0 |a Výskumno-vedecké aktivity katedier zameraných na marketing a obchod s dôrazom na Obnoviteľné zdroje energie  |b zborník z medzinárodnej vedeckej konferencie 
264 1 |a Košice  |b Katedra marketingu PHF EU  |c 2008 
300 |a CD-ROM 
610 2 0 |a zdroje energie obnoviteľné 
610 2 0 |a marketing 
610 2 0 |a energetika 
610 2 0 |a vzdelávanie vysokoškolské 
610 2 0 |a veda 
610 2 0 |a univerzity 
610 2 0 |a Česko 
610 2 0 |a Slovensko 
700 1 |a Lieskovská, Vanda, 1961- 
700 1 |a Andrejčíková, Mária 
700 1 |a Gajdoš, Jozef, 1962-2025 
700 1 |a Urblíková, Daniela 
700 1 |a Šimegh, Peter 
700 1 |a Naščáková, Jana 
110 2 |a Výskumno-vedecké aktivity katedier zameraných na marketing a obchod s dôrazom na Obnoviteľné zdroje energie. Medzinárodná vedecká konferencia